Представление документа в формате RUSMARC

ПолеНазваниеЗначение
  Тип записи a
  Библиографический уровень m
001 Контрольный номер RU/УОНБ/EK/413980664
005 Дата корректировки 20241101133211.2
010 Индекс ISBN __
a ISBN 978-5-9910-1881-4
d Цена 202 р.
9 Тираж 10000 экз.
b Уточнения в пер.
100 Данные общей обработки __
a Данные общей обработки 20121102d2012 u y0rusy0189||||ca
101 Язык документа 1_
a Язык текста rus
102 Страна публикации __
a Страна публикации RU
a Страна публикации UA
105 Кодированные данные (монография) __
a Кодированные данные (монография) a z 001yy
200 Заглавие и сведения об ответственности 1_
a Заглавие Малая механизация в приусадебном хозяйстве
e Сведения, относящиеся к заглавию "хитрые" приспособления для огородника, садовода, дачника и фермера
f Первые сведения об ответственности П.П. Крылов
210 Выходные данные 1_
a Место издания Харьков
a Место издания Белгород
c Издательство Клуб семейного досуга
d Дата издания 2012
215 Физическое описание __
a Объем 318 с.
c Иллюстрации/тип воспроизводства ил.
d Формат 21 см
320 Библиография __
a Библиография Библиогр.: с. 313
330 Аннотация __
a Аннотация Чтобы иметь ухоженные газоны, сад, огород, вам нужна эта книга и доступные материалы - на случай, если вы захотите сэкономить и собрать незаменимые в фермерском хозяйстве механизмы самостоятельно. Здесь вы найдете исчерпывающие сведения о машинах и устройствах, благодаря которым производительность труда будет неуклонно расти.
606 Тематические рубрики 0_
3 Контрольный № нормативной записи RU\NLR\AUTH\661281680
a Основная рубрика Приусадебное хозяйство
x Основная подрубрика Малая механизация
2 Код системы nlr_sh
610 Ключевые слова 0_
a Ключевые слова приусадебное хозяйство
610 Ключевые слова 0_
a Ключевые слова механизация растениеводства
610 Ключевые слова 0_
a Ключевые слова техника для дачи
686 Индексы других классификаций __
a Классификационный индекс 40.711
v Номер издания LBC/M
2 Код системы rubbk
700 Автор _1
a Фамилия Крылов
b Имя (инициалы) П.П.
801 Источник записи _0
a Страна RU
b Организация Рязанская ОУНБ
c Дата составления 20121102
g Правила каталогизации rcr
801 Источник записи _1
a Страна RU
b Организация Ульяновская ОНБ
c Дата составления 20130212
g Правила каталогизации rcr
2 Код формата rusmarc
901 Тип документа __
t Тип документа m
909 Создатель записи __
a Создатель записи Молодцова
b Дата создания записи 20130903
938 Служебная информация __
a Имя БД books
b Имя библиотеки УОНБ
c Имя АИБС МАРК-SQL
d Номер DOC_ID в БД 293738